000 01485nam0a22003491 4500
001 rc\2176610
005 20110826161834.3
035 _a(NLR Aleph) 006537604
090 _a6601722
_c6601722
100 _a20110826d1978 |||y0rusy50 ca
101 0 _arus
102 _aRU
105 _ay z |||||
200 1 _aЭкономика систем теплогазоснабжения и вентиляции
_eТекст лекций
_fГ.С. Ивашко, В.В. Досужий, Н.В. Степанов
210 _aКиев
_cКИСИ
_d1978
215 _a68 с.
_d20
300 _aВ надзаг.: Киев. инж.-строит. ин-т
320 _aБиблиогр.: с. 66 (20 назв.)
606 _aГазоснабжение
_xТехнико-экономические показатели
_2psbo
606 _aВентиляция
_xТехнико-экономические показатели
_2psbo
606 _aТеплоснабжение
_xТехнико-экономические показатели
_2psbo
686 _aУ9(2)311я73-2
_2rubbk
700 1 _aИвашко
_bГ. С.
_gГлеб Сергеевич
701 1 _aСтепанов
_bН. В.
_gНиколай Васильевич
701 1 _aДосужий
_bВ. В.
_gВиктор Владимирович
801 0 _aRU
_bNLR
_gpsbo
801 1 _aRU
_bELAR
_2rusmarc
852 _aNLR
_j79-4/11834
899 _aRuMoRGB
_jB 79-30/450
899 _aRuMoRGB
_jB 79-30/451
942 _cBOOK
980 _aNB